Mega-mega Kelabu

Bibliographic Details
Main Author: Jais Sahok
Format: Book
Published: Kuala Lumpur : Dewan Bahasa Dan Pustaka , 1991
Subjects:

MARC

LEADER 00000cam a2200000 7i4500
001 0000008304
002 000009056
005 20000330.0
020 |a 9836223185 
090 0 0 |a JF   |b JAI 
100 0 |a Jais Sahok 
245 1 0 |a Mega-mega Kelabu   |c Jais Sahok 
260 |a Kuala Lumpur :   |b Dewan Bahasa Dan Pustaka ,   |c 1991 
300 |a 188p. ;   |c 21cm. 
650 0 0 |a Children's stories, Malay 
999 |a 039735   |b BUKU   |c PINJAMAN   |e PERPUSTAKAAN KOMUNITI PETALING JAYA 
999 |a 039736   |b BUKU   |c PINJAMAN   |e PERPUSTAKAAN KOMUNITI PETALING JAYA